[Event "Dortmund Sparkassen op-B"]
[Site "Dortmund"]
[Date "2012.07.15"]
[Round "2"]
[White "Kartsev, Nikolaj"]
[Black "Ropers, Klaus"]
[Result "0-1"]
[WhiteElo "1329"]
[BlackElo "1671"]
[PlyCount "52"]
[EventDate "2012.07.14"]
[EventType "swiss"]
[EventRounds "9"]
[EventCountry "GER"]
[SourceTitle "EXT 2014"]
[Source "ChessBase"]
[SourceDate "2013.11.20"]
[SourceVersion "1"]
[SourceVersionDate "2013.11.20"]
[SourceQuality "1"]

1. e4 c5 2. Nf3 Nc6 3. d4 cxd4 4. Nxd4 Nf6 5. Nc3 e5 6. Nb3 Bb4 7. Bd2 Bxc3 8. Bxc3 Nxe4 9. Bxe5 Qe7 10. Qd5 Qxe5 11. Qxe5+ Nxe5 12. 0-0-0 Nxf2 13. Re1 d6 14. Rg1 Bf5 15. Nd4 Bg6 16. Bb5+ Kd8 17. Re2 Nfg4 18. h3 Nf6 19. g4 a6 20. Ba4 h5 21. g5 Nfd7 22. Rd1 Kc7 23. Bxd7 Kxd7 24. Nb3 Kc7 25. Red2 Rhd8 26. Rd5 Nc4 0-1

[Event "Dortmund Sparkassen op-B"]
[Site "Dortmund"]
[Date "2010.07.19"]
[Round "3"]
[White "Raabe, Hans Ulrich"]
[Black "Ropers, Klaus"]
[Result "0-1"]
[WhiteElo "1419"]
[BlackElo "1865"]
[PlyCount "70"]
[EventDate "2010.07.17"]
[EventType "swiss"]
[EventRounds "9"]
[EventCountry "GER"]
[SourceTitle "EXT 2014"]
[Source "ChessBase"]
[SourceDate "2013.11.20"]
[SourceVersion "1"]
[SourceVersionDate "2013.11.20"]
[SourceQuality "1"]

1. e4 c5 2. Nf3 Nc6 3. d4 cxd4 4. Nxd4 g6 5. Be3 Bg7 6. Qd2 Nf6 7. f3 d5 8. exd5 Nxd5 9. Nxc6 bxc6 10. Bd4 f6 11. c4 Nb6 12. Be2 0-0 13. 0-0 Be6 14. b3 Qc7 15. Qe3 Bf7 16. Nc3 Rfe8 17. Qf2 e5 18. Be3 f5 19. Rac1 h6 20. Bd3 Rad8 21. Bb1 f4 22. Bc5 Nd7 23. Ba3 Nf8 24. Ne4 Ne6 25. Bb2 Nd4 26. Rcd1 Nf5 27. Rxd8 Rxd8 28. Re1 Be6 29. Nc5 Bc8 30. Bxf5 Bxf5 31. Qe2 Qb6 32. Ba3 Rd4 33. Kf1 Qa5 34. Na4 Rd2 35. b4 Qd8 0-1

[Event "Oberhausen op"]
[Site "Oberhausen"]
[Date "2010.04.01"]
[Round "1"]
[White "Ropers, Klaus"]
[Black "Podzielny, Karl Heinz"]
[Result "0-1"]
[WhiteElo "1884"]
[BlackElo "2456"]
[PlyCount "48"]
[EventDate "2010.04.01"]
[EventType "swiss"]
[EventRounds "7"]
[EventCountry "GER"]
[SourceTitle "CBM 135 Extra"]
[Source "ChessBase"]
[SourceDate "2010.05.04"]
[SourceVersion "1"]
[SourceVersionDate "2010.05.04"]
[SourceQuality "1"]

1. d4 Nf6 2. Nf3 c5 3. d5 b5 4. c4 bxc4 5. Nc3 g6 6. e4 Bg7 7. Bxc4 0-0 8. 0-0 d6 9. h3 Nbd7 10. Bf4 Rb8 11. Qe2 Qa5 12. Rac1 Rb4 13. Rfe1 Nb6 14. Bd3 Nfd7 15. a3 Rb3 16. Qc2 c4 17. Bxc4 Rxc3 18. bxc3 Nxc4 19. Qb3 Ba6 20. Nd4 Nc5 21. Qd1 Nb2 22. Nc6 Nxd1 23. Nxa5 Nxc3 24. Re3 Nd3 0-1

[Event "Dortmund op-B"]
[Site "Dortmund"]
[Date "2007.06.28"]
[Round "6"]
[White "Ziabari, Morteza"]
[Black "Ropers, Klaus"]
[Result "1/2-1/2"]
[WhiteElo "1881"]
[BlackElo "1714"]
[PlyCount "65"]
[EventDate "2007.06.22"]
[EventType "swiss"]
[EventRounds "9"]
[EventCountry "GER"]
[SourceTitle "EXT 2008"]
[Source "ChessBase"]
[SourceDate "2007.11.25"]
[SourceVersion "1"]
[SourceVersionDate "2007.11.25"]
[SourceQuality "1"]

1. e4 c5 2. Nf3 Nc6 3. Nc3 e5 4. Bc4 Be7 5. Nd5 Nf6 6. d3 0-0 7. 0-0 d6 8. Nxe7+ Qxe7 9. Bg5 Be6 10. Nd2 Na5 11. Bd5 h5 12. Bh4 Bxd5 13. exd5 g5 14. Bg3 Nxd5 15. Qxh5 Kg7 16. Rae1 f6 17. c4 Nc7 18. Qd1 Nc6 19. f4 Qf7 20. fxe5 dxe5 21. Bxe5 Nxe5 22. Rxe5 Qd7 23. Re3 Qd4 24. Rfe1 Rae8 25. Nf1 Rxe3 26. Nxe3 Re8 27. Qf3 Re5 28. Qf2 Qxd3 29. Rd1 Qxe3 30. Rd7+ Kg6 31. Qxe3 Rxe3 32. Rxc7 Re2 33. Rxb7 1/2-1/2

[Event "Dortmund Sparkassen op-B"]
[Site "Dortmund"]
[Date "2006.08.05"]
[Round "8"]
[White "Rohovoy, Dimitrij"]
[Black "Ropers, Klaus"]
[Result "0-1"]
[WhiteElo "1500"]
[BlackElo "1741"]
[PlyCount "68"]
[EventDate "2006.07.28"]
[EventType "swiss"]
[EventRounds "9"]
[EventCountry "GER"]
[SourceTitle "CBM 113 Extra"]
[Source "ChessBase"]
[SourceDate "2006.09.14"]
[SourceVersion "1"]
[SourceVersionDate "2006.09.14"]
[SourceQuality "1"]

1. d4 f5 2. c4 Nf6 3. Nc3 g6 4. Nf3 d6 5. e3 Bg7 6. Bd3 0-0 7. 0-0 Nc6 8. a3 e5 9. Bc2 e4 10. Nd2 a5 11. f3 exf3 12. Nxf3 Qe7 13. Qe2 Bd7 14. Bd2 b6 15. Rad1 Rae8 16. Rfe1 Ne4 17. d5 Nd8 18. Nxe4 fxe4 19. Nd4 Qg5 20. Rf1 Bg4 21. Rxf8+ Rxf8 22. Qe1 Bxd1 23. Qxd1 Re8 24. b4 axb4 25. axb4 Re7 26. Ne2 b5 27. Ng3 bxc4 28. Bxe4 Be5 29. Bf3 Bxg3 30. hxg3 Qxg3 31. Qc2 Nf7 32. Qxc4 Ne5 33. Qe2 Rf7 34. Be4 Ng4 0-1

[Event "Dortmund Sparkassen op-B"]
[Site "Dortmund"]
[Date "2006.08.04"]
[Round "7"]
[White "Ropers, Klaus"]
[Black "Strathoff, Jens"]
[Result "0-1"]
[WhiteElo "1741"]
[BlackElo "2028"]
[PlyCount "69"]
[EventDate "2006.07.28"]
[EventType "swiss"]
[EventRounds "9"]
[EventCountry "GER"]
[SourceTitle "CBM 113 Extra"]
[Source "ChessBase"]
[SourceDate "2006.09.14"]
[SourceVersion "1"]
[SourceVersionDate "2006.09.14"]
[SourceQuality "1"]

1. d4 d5 2. Nf3 e6 3. c4 c6 4. g3 dxc4 5. Bg2 Nf6 6. Ne5 Be7 7. Nc3 0-0 8. 0-0 Nbd7 9. Nxc4 Rb8 10. Bf4 Ra8 11. e4 Nb6 12. Ne5 Nbd7 13. Nc4 Nb6 14. b3 Ne8 15. a4 Bf6 16. Be3 Nc7 17. Rc1 Re8 18. a5 Nxc4 19. bxc4 Na6 20. Qa4 Bxd4 21. Rfd1 e5 22. Bxd4 exd4 23. Ne2 c5 24. Nf4 Bd7 25. Qa3 Bc6 26. Nd5 Rb8 27. Rb1 Re6 28. f4 h5 29. Re1 h4 30. g4 Rg6 31. h3 Bxd5 32. cxd5 Nb4 33. Rec1 b6 34. Qf3 Rd6 35. Qf2 0-1

[Event "Dortmund Sparkassen op-B"]
[Site "Dortmund"]
[Date "2006.08.02"]
[Round "5"]
[White "Ropers, Klaus"]
[Black "Titgemeyer, Sven"]
[Result "1-0"]
[WhiteElo "1741"]
[BlackElo "1568"]
[PlyCount "57"]
[EventDate "2006.07.28"]
[EventType "swiss"]
[EventRounds "9"]
[EventCountry "GER"]
[SourceTitle "CBM 113 Extra"]
[Source "ChessBase"]
[SourceDate "2006.09.14"]
[SourceVersion "1"]
[SourceVersionDate "2006.09.14"]
[SourceQuality "1"]

1. d4 d5 2. Nf3 Nf6 3. c4 e6 4. g3 Be7 5. Bg2 0-0 6. Nc3 c6 7. 0-0 Nbd7 8. b3 b6 9. Bb2 Bb7 10. Ne5 Qc7 11. f4 Ne8 12. cxd5 exd5 13. Rc1 Qd8 14. e4 f6 15. exd5 fxe5 16. dxc6 Bxc6 17. Bxc6 Rc8 18. dxe5 Nc5 19. Qxd8 Rxd8 20. Nd5 Rf7 21. Rfd1 Kf8 22. b4 Na6 23. a3 h6 24. Bb5 Nb8 25. Kg2 g5 26. Kf3 gxf4 27. gxf4 Ng7 28. Nxe7 Kxe7 29. Rc7+ 1-0

[Event "Duisburg Grossenbaum op"]
[Site "Duisburg"]
[Date "2006.06.11"]
[Round "5"]
[White "Ropers, Klaus"]
[Black "Biessner, Eberhard"]
[Result "1-0"]
[WhiteElo "1751"]
[BlackElo "1821"]
[PlyCount "69"]
[EventDate "2006.06.02"]
[EventType "swiss"]
[EventRounds "7"]
[EventCountry "GER"]
[SourceTitle "EXT 2007"]
[Source "ChessBase"]
[SourceDate "2006.11.23"]
[SourceVersion "1"]
[SourceVersionDate "2006.11.23"]
[SourceQuality "1"]

1. d4 Nf6 2. Nf3 e6 3. c4 b6 4. g3 Bb7 5. Bg2 Na6 6. Nc3 c5 7. d5 exd5 8. Nh4 Be7 9. cxd5 d6 10. e4 0-0 11. 0-0 Bc8 12. f4 Ne8 13. Nf3 f6 14. h3 Nac7 15. f5 Bd7 16. g4 Kh8 17. h4 g6 18. Ne2 Bb5 19. a4 Ba6 20. Bd2 Rg8 21. g5 gxf5 22. exf5 Ng7 23. Bc3 Nxf5 24. Nh2 Ne3 25. Qd2 Nxf1 26. Rxf1 Ne8 27. Ng4 Rf8 28. Rf2 Bc8 29. Nh6 Ng7 30. Ng3 Bd7 31. Qe3 Qe8 32. Re2 Bd8 33. Qf4 Qg6 34. Qxd6 Nf5 35. Qxf8+ 1-0

[Event "Duisburg Grossenbaum op"]
[Site "Duisburg"]
[Date "2006.06.03"]
[Round "3"]
[White "Ropers, Klaus"]
[Black "Temminghoff, Stefan"]
[Result "1-0"]
[WhiteElo "1751"]
[BlackElo "2016"]
[PlyCount "55"]
[EventDate "2006.06.02"]
[EventType "swiss"]
[EventRounds "7"]
[EventCountry "GER"]
[SourceTitle "EXT 2007"]
[Source "ChessBase"]
[SourceDate "2006.11.23"]
[SourceVersion "1"]
[SourceVersionDate "2006.11.23"]
[SourceQuality "1"]

1. d4 d5 2. Nf3 Nf6 3. c4 e6 4. g3 Be7 5. Bg2 0-0 6. 0-0 c6 7. Nc3 Nbd7 8. Ne5 Ne4 9. Nxe4 dxe4 10. Nxd7 Qxd7 11. Bxe4 Bf6 12. e3 Rd8 13. Qc2 h6 14. b3 c5 15. Bb2 cxd4 16. Rad1 e5 17. Rd2 Qc7 18. exd4 exd4 19. Rfd1 Qc5 20. Qc1 Rb8 21. Kg2 Bg4 22. f3 Be6 23. Qa1 Bf5 24. Bd5 Re8 25. Rf2 Qa5 26. Bxd4 Bxd4 27. Qxd4 Re7 28. Qf4 1-0